Регионална библиотека "Любен Каравелов" - Русе

Здравей, тъма (Запис номер 157584)

MARC детайли
000 -Лидер
Контролно поле с фиксирана дължина 01557nam a2200373 c 4500
003 - Код на организацията, давaща контролен номер
Контролно поле BLK
005 - Дата и час на последна редакция
Контролно поле 20250715152348.0
008 - Елементи от данни с фиксирана дължина
fixed length control field 180410b bul|||||r ||||||| ||bul||
010 ## - Наследен системен номер
LC control number KNG00164532000
020 ## - Международен стандартен номер на книга ISBN
Международен стандартен номер на книга ISBN 978-619-165-024-8
-- издат.: Ергон
040 ## - Източник на каталожния запис
Идентификатор на билиотеката - собственик на записа BLK
041 ## - Код за език
Код за езика на текст/звукозапис или на отделно заглавие Български
Код за езика КДБФ Български
072 #7 - Код за тематичната категория
Код организация bullib
Код за тематична категория Н8300
Текст Романтична проза Н
080 ## - УДК
Текстов определител УДК Американска литература (на САЩ)
УДК код - определител по УДК 821.111(73)
УДК определител -31
УДК - код + определител 821.111(73)-31
100 ## - Редна дума - Автор
Автор Браун, Сандра
Дати, свързани с автора 1948-
Автор - информация (биография) Американска писателка
Авторска отговорност първи автор
R(LIN) 241650
139 ## - Редно поле
Редна дума Браун, Сандра
Авторски знак Брат - Б 78
245 10 - Сведения за заглавието
Заглавие Здравей, тъма
Подзаглавни данни Роман
Редно поле (дума) Сандра Браун; прев. от англ. Мария Донева.
250 ## - Област на изданието
Сведения за изданието 2. изд.
257 ## - Страна на издаване
Страна на създаване/издаване Съединени американски щати
260 ## - Област на издателските данни
-- София
Име на издателя, разпространителя и проч. Ергон
Година на издаване 2014
300 ## - Физическа характеристика
Страници 384 с.
Размери/Мащаб 20 см
380 ## - Жанр
Жанр Худож. лит.
490 1# - СЕРИИ (Колекции)
Име на серия Библиотека Любов и Съдба
500 ## - Общи забележки
Забележка 1. изд. 2003 на изд. Коала. - Ориг. загл. Hello, Darkness / Sandra Brown. - Офс. изд.
653 ## - Ключова дума – ненормативна
Ключова дума романтична проза
659 ## - Тематичен бюлетин
Тематичен бюлетин Н
700 ## - Други автори (авторска отговорност)
Лично име Донева, Мария
Пълна форма на името Петрова, Мария Донева
Дати, свързани с автора 1974-
Друга информация Поетеса, детска писателка.
9 (RLIN) 365115
852 ## - Местоположение
Форматна сигнатура Цб 270529
856 4# - Електронен адрес и достъп
Електронен формат pdf - файл
Път до файла /url/
856 4# - Електронен адрес и достъп
Електронен формат pdf - файл
Път до файла /url/
942 ## - АРТИКУЛИ
Вид на библиотечния материал Книги
Скрит в OPAC Не
Koha issues (borrowed), all copies 151
944 ## - СЪЗДАВАНЕ И РЕДАКЦИЯ на ЗАПИСА
Създаване/Редакция Създаване
Дата на регистрацията/редакция 01.09.2014
Статус, дата на статуса Цветелина Шанова
Служител, извършил регистрацията/редакцията 30531
944 ## - СЪЗДАВАНЕ И РЕДАКЦИЯ на ЗАПИСА
Създаване/Редакция Редакция
Дата на регистрацията/редакция 17.09.2015
Статус, дата на статуса ф /
Служител, извършил регистрацията/редакцията Пенка_Димитрова
999 ## - СИСТЕМНИ КОНТРОЛНИ НОМЕРА
Koha biblionumber 157584
Koha biblioitemnumber 157584
Наличности
Код за отписване Код за изгубен артикул Източник на класификационната схема Код за повреда Коз за рестрикции Код за отдаване Артикулен № Име на библиотеката - собственик Име на библиотеката, в която се намира в момента Статус (Текущо местоположение) Дата на вписване в системата Местоположение - отдел Цена в лева Инвентарен номер Систематично азбучна сигнатура Баркод Номер на екземпляра Цена в евро Служебна бележка Служебен тип на артикула
Изтеглен Не е изгубен Universal Decimal Classification Не е повреден без рестрикции заемане за дома 263933 Регионална библиотека "Любен Каравелов" Русе Регионална библиотека "Любен Каравелов" Русе Заемна - подръчен фонд 2014-09-02 Заемна - подръчен фонд 15.00 120000780035 П 820(73)-31/Б 78 120000780035 1 7.67 Дост: Pk Вид: Ф N: 410 Дата: 01.09.2014 Книги
  Не е изгубен Universal Decimal Classification Не е повреден без рестрикции заемане за дома 263934 Регионална библиотека "Любен Каравелов" Русе Регионална библиотека "Любен Каравелов" Русе Заемна - подръчен фонд 2014-09-02 Заемна - подръчен фонд 15.00 120000780036 П 821-31/Б 78 120000780036 2 7.67 Дост: Pk Вид: Ф N: 410 Дата: 01.09.2014 Дата инв: 14.02.2018 Бележки инв: П2018 Книги
Изтеглен Не е изгубен Universal Decimal Classification Не е повреден без рестрикции заемане за дома 263935 Регионална библиотека "Любен Каравелов" Русе Регионална библиотека "Любен Каравелов" Русе Заемна - подръчен фонд 2014-12-10 Заемна - подръчен фонд 15.00 120000783616 П 820(73)-31/Б 78 120000783616 3 7.67 Дост: Pk Вид: Ф N: 422 Дата: 10.12.2014 Книги
  Не е изгубен   Не е повреден без рестрикции ползва се в читалня 263936 Регионална библиотека "Любен Каравелов" Русе Регионална библиотека "Любен Каравелов" Русе Хранилище 2015-09-17 Хранилище 15.00 120000792672 Цб 270529 120000792672 4 7.67 Дост: Dp Вид: Д N: 27 Дата: 18.06.2015 Книги
Vip Innovations Ltd, Rousse, Bulgaria 2025